Central Library OPAC University of Rajshahi

A short history of Italian literature / (Record no. 21694)

MARC details
000 -LEADER
fixed length control field 00682nam a2200229 a 4500
001 - CONTROL NUMBER
control field 21694
003 - CONTROL NUMBER IDENTIFIER
rucl marc code BD-RjUL
005 - DATE AND TIME OF LATEST TRANSACTION
control field 20211209000722.0
008 - FIXED-LENGTH DATA ELEMENTS--GENERAL INFORMATION
fixed length control field 140305s1962 enk 001 0 eng u
035 ## - SYSTEM CONTROL NUMBER
System control number (BD-RjUL)21759
040 ## - CATALOGING SOURCE
Original cataloging agency ORL
Modifying agency OCL
-- BD-RjUL
Language of cataloging eng
Transcribing agency BD-RjUL
041 ## - LANGUAGE CODE
Language code of text/sound track or separate title eng
082 ## - DEWEY DECIMAL CLASSIFICATION NUMBER
Classification number 850.9
Author mark and year WHS
100 1# - MAIN ENTRY--PERSONAL NAME
Personal name Whitfield, John Humphreys.
9 (RLIN) 66996
245 12 - TITLE STATEMENT
Title A short history of Italian literature /
Statement of responsibility, etc. J.H. Whitfield
260 ## - PUBLICATION, DISTRIBUTION, ETC. (IMPRINT)
Place of publication, distribution, etc. London :
Name of publisher, distributor, etc. Cassell,
Date of publication, distribution, etc. 1962.
300 ## - PHYSICAL DESCRIPTION
Pagination 299 p. ;
Size 22cm.
504 ## - BIBLIOGRAPHY, ETC. NOTE
Bibliography, etc Includes Bibliography and index.
650 #0 - SUBJECT ADDED ENTRY--TOPICAL TERM
Topical term or geographic name as entry element Italian literature
General subdivision History and criticism
9 (RLIN) 66997
830 #0 - SERIES ADDED ENTRY--UNIFORM TITLE
Uniform title Belle sauvage library
942 ## - ADDED ENTRY ELEMENTS (KOHA)
Source of classification or shelving scheme Dewey Decimal Classification
Koha item type Books
Holdings
Lost status Source of classification or shelving scheme Damaged status Not for loan Collection code Permanent Location Current Location Shelving location Date acquired Source of acquisition Cost, normal purchase price Total Checkouts Full call number Date last seen Copy number Koha item type
  Dewey Decimal Classification   Added to bundle Non-fiction Central Library, University of Rajshahi Central Library, University of Rajshahi Reading Room 22/09/1969 Mokureshm Sons Dacca 12.00   850.9 WHS 1962 05/03/2014 C-1 Books